English Premier League Top 10 Most Expensive Transfers - Statistics

General Stats
  • This quiz has been taken 266 times
  • The average score is 6 of 10
Answer Stats
Hint Team Answer % Correct
£50 Million Chelsea Fernando Torres
83%
£42.4 Million Arsenal Mesut Ozil
78%
£38 Million Manchester City Sergio Aguero
78%
£59.7 Million Manchester United Angel Di Maria
76%
£35 Million Liverpool Andy Carroll
66%
£32 Million Chelsea Eden Hazard
66%
£35 Million Arsenal Alexis Sanchez
54%
£37.1 Million Manchester United Juan Mata
53%
£32 Million Chelsea Diego Costa
47%
£32.5 Million Manchester City Robinho
46%
No matching quizzes found
Score Distribution
Percent of People with Each Score
Percentile by Number Answered
Your Score History
You have not taken this quiz